000
00504nam a2200145Ia 4500
008
090122s9999 xx 000 0 und d
082
_b
5591
_a
630
100
_a
कोटेचा
_b
पी
_c
एस
245
_a
काढणी पश्चात तंञज्ञान
600
_a
कोटेचा
630
_a
काढणी पश्चात तंञज्ञान
700
_a
कोटेचा
730
_a
काढणी पश्चात तंञज्ञान
942
_c
BOOK
999
_c
29669
_d
29669